Origins of Alcoholic Beverages - Statistics

General Stats
  • This quiz has been taken 56 times
  • The average score is 5 of 14
Answer Stats
Beverage Answer % Correct
Tequila Mexico
96%
Sake Japan
94%
Gin United Kingdom
66%
Vodka Poland
58%
Soju South Korea
58%
Moonshine United Kingdom
30%
Beer Iran
21%
Wine Armenia
15%
Absinthe Switzerland
11%
Mead Greece
9%
Brandy Netherlands
8%
Rum Barbados
6%
Cider Egypt
6%
Whiskey Iraq
4%
No matching quizzes found
Score Distribution
Percent of People with Each Score
Percentile by Number Answered
Your Score History
You have not taken this quiz